Теория информации. Теоретические основы создания информационного общества: учебное пособие для вузов

Λεπτομέρειες βιβλιογραφικής εγγραφής
Κύριος συγγραφέας: Шапцев В. А. Валерий Алексеевич
Συγγραφή απο Οργανισμό/Αρχή: Тюменский государственный университет (ТюмГУ)
Άλλοι συγγραφείς: Бидуля Ю. В. Юлия Владимировна
Περίληψη:Серия «Университеты России» позволит высшим учебным заведениям нашей страны использовать в образовательном процессе учебники и учебные пособия по различным дисциплинам, подготовленные преподавателями лучших университетов России и впервые опубликованные в издательствах университетов. Все представленные в этой серии учебники прошли экспертную оценку учебно-методического отдела издательства и публикуются в оригинальной редакции. Содержит методические и теоретические материалы, задания для контроля знаний. Задания предваряют краткие сведения из истории развития средств коммуникации, системного анализа, теории информационного общества. Приведены рекомендации по оформлению и представлению докладов и презентаций. Прилагается перечень литературы, рекомендуемой для самостоятельного изучения. Ориентировано на обучающихся по специальностям, связанным с использованием ИТ в бизнесе и образовании, в государственных и муниципальных учреждениях и организациях. Полезно менеджменту и ИТ-персоналу малого и среднего бизнеса, а также аспирантам и специалистам, связанным с научной работой в сфере применения ИТ в социальных и экономических системах. Рабочая программа дисциплины опубликована на сайте ТюмГУ: Информаци­онное общество и проблемы прикладной информатики <http://www.umk.utmn.ru>. Рекомендовано к печати кафедрой информационных систем, Учебно-методической комиссией Института математики и компьютерных наук ТюмГУ.
Γλώσσα:Ρωσικά
Έκδοση: Москва, Юрайт, 2016
Σειρά:Университеты России
Θέματα:
Μορφή: Βιβλίο
KOHA link:https://koha.lib.tpu.ru/cgi-bin/koha/opac-detail.pl?biblionumber=319484

MARC

LEADER 00000nam0a2200000 4500
001 319484
005 20231102003202.0
010 |a 9785991684118 
010 |a 978-5-400-01265-5 
035 |a (RuTPU)RU\TPU\book\344993 
090 |a 319484 
100 |a 20160601d2016 m y0rusy50 ca 
101 0 |a rus 
102 |a RU 
105 |a a j 001zy 
200 1 |a Теория информации. Теоретические основы создания информационного общества  |e учебное пособие для вузов  |f В. А. Шапцев, Ю. В. Бидуля  |g Тюменский государственный университет (ТюмГУ) 
210 |a Москва  |c Юрайт  |d 2016 
215 |a 178 с.  |c ил. 
225 1 |a Университеты России 
320 |a Библиогр.: с. 169-177 
320 |a Глоссарий: с. 165-166 
320 |a Условные обозначения: с. 167-168 
330 |a Серия «Университеты России» позволит высшим учебным заведениям нашей страны использовать в образовательном процессе учебники и учебные пособия по различным дисциплинам, подготовленные преподавателями лучших университетов России и впервые опубликованные в издательствах университетов. Все представленные в этой серии учебники прошли экспертную оценку учебно-методического отдела издательства и публикуются в оригинальной редакции. Содержит методические и теоретические материалы, задания для контроля знаний. Задания предваряют краткие сведения из истории развития средств коммуникации, системного анализа, теории информационного общества. Приведены рекомендации по оформлению и представлению докладов и презентаций. Прилагается перечень литературы, рекомендуемой для самостоятельного изучения. Ориентировано на обучающихся по специальностям, связанным с использованием ИТ в бизнесе и образовании, в государственных и муниципальных учреждениях и организациях. Полезно менеджменту и ИТ-персоналу малого и среднего бизнеса, а также аспирантам и специалистам, связанным с научной работой в сфере применения ИТ в социальных и экономических системах. Рабочая программа дисциплины опубликована на сайте ТюмГУ: Информаци­онное общество и проблемы прикладной информатики <http://www.umk.utmn.ru>. Рекомендовано к печати кафедрой информационных систем, Учебно-методической комиссией Института математики и компьютерных наук ТюмГУ. 
606 1 |a Информационное общество  |x Социология  |2 stltpush  |3 (RuTPU)RU\TPU\subj\70500  |9 84745 
610 1 |a информация 
610 1 |a общество 
610 1 |a коммуникации 
610 1 |a модели 
610 1 |a информационное развитие 
610 1 |a Россия 
610 1 |a перспективы 
610 1 |a информационные технологии 
610 1 |a компьютерные технологии 
610 1 |a органы власти 
610 1 |a информационно-вычислительная инфраструктура 
610 1 |a многофункциональные центры 
610 1 |a электронные карты 
610 1 |a учебные пособия 
686 |a С55.57я73  |v LBC/SL-A  |2 rubbk 
700 1 |a Шапцев  |b В. А.  |g Валерий Алексеевич 
701 1 |a Бидуля  |b Ю. В.  |g Юлия Владимировна 
712 0 2 |a Тюменский государственный университет (ТюмГУ)  |2 stltpush  |3 (RuTPU)RU\TPU\col\4661 
801 1 |a RU  |b 63413507  |c 20160601 
801 2 |a RU  |b 63413507  |c 20161007  |g RCR 
900 |a Теория информации 
942 |c BK 
959 |a 38/20160428  |d 3  |e 349,00  |f ЧЗТЛ:1  |f УФ:2